Instructor's manual to accompany Economics: principles and policy

Saved in:
Bibliografiske detaljer
Main Authors: Baumol, William J (Author), Blinder, Alan S (Author)
Format: Bog
Sprog:engelsk
Udgivet: Nueva York Harcourt Brace Jovanovich 1979
Fag:
Tags: Tilføj Tag
Ingen Tags, Vær først til at tagge denne postø!

MARC

LEADER 00000nam a2200000 a 4500
001 UCR7607
003 CL-VaPUC
008 980519e19790000US |||||||||||||||||eng|d
082 0 4 |a 330.1  |b BAU  |2 21 
100 0 |a Baumol, William J  |e author  |9 408924 
700 0 |a Blinder, Alan S  |e author  |9 408925 
245 1 0 |a Instructor's manual to accompany Economics: principles and policy 
300 |a 184 p 
942 |c BK 
945 |d 19980519 00:00:00  |a crobeson 
260 |a Nueva York  |b Harcourt Brace Jovanovich  |c 1979 
650 0 |a Economía   |9 255568 
650 0 |a Teoría económica  |9 315055 
650 0 |a Economía política  |9 255814 
650 0 |a Manuales  |9 257144 
583 |a last modification  |c 19980519 00:00:00  |k Rodrigo Vera 
999 |c 269198  |d 269196